000 01493nam a22003137a 4500
001 BR2026000884
003 BR-BrBNA
005 20260325131801.0
008 260325b bl.||||| |||| 00| 0 por d
040 _aBR-BrBNA
_bpor
041 _apor
072 _aB50
090 _aB50
_bBR2026000884
100 0 _4aut.
_aRaymundo Moraes,
245 _aNa Planicie Amazonica :
_cRaymundo Moraes.
250 _a63. ed.
260 _aSão Paulo, SP (Brasil) :
_bCompanhia Editora Nacional,
_c1936.
300 _a255 p.
490 _aColeção Brasiliana,
_vv. 63.
500 _aTexto em ortografia antiga.
500 _aObra de caráter histórico sobre o Brasil colonial.
520 _aEsta obra de Raymundo Moraes, apresenta um retrato da vida e das condições naturais na Planície Amazônica, explorando suas particularidades ambientais e humanas. Publicada em 1936 como parte da coleção Brasiliana, “Na Planície Amazônica” reúne descrições da paisagem, dos rios e das populações locais, evidenciando as relações entre o homem e o meio natural. Ao desenvolver esse panorama, a obra contribui para a compreensão da dinâmica social e ambiental da Amazônia no contexto brasileiro.
650 _aPLANICIE
650 _aASPECTO FISIOGRAFICO
650 _aCONDICAO AMBIENTAL
856 _3Disponível na Biblioteca Digital do MAPA.
_uhttps://bdor.sibi.ufrj.br/bitstream/doc/145/1/63%20PDF%20-%20OCR%20-%20RED.pdf
909 _a202603
_bMoisés
942 _cBK
999 _c341051
_d341051